[Event "TUN-ch U18"]
[Site "Monastir"]
[Date "2021.09.05"]
[Round "8"]
[White "Derouiche, Mohamed Ramy"]
[Black "Ben Abbas, Ayoub"]
[Result "0-1"]
[WhiteElo "1483"]
[BlackElo "1377"]
[PlyCount "36"]
[EventDate "2021.09.01"]
[EventType "swiss"]
[EventRounds "9"]
[EventCountry "TUN"]
[SourceTitle "EXT 2023"]
[Source "ChessBase"]
[SourceDate "2022.10.05"]
[SourceVersion "1"]
[SourceVersionDate "2022.10.05"]
[SourceQuality "1"]

1. d4 d5 2. c4 c6 3. cxd5 cxd5 4. Nc3 Nf6 5. Bf4 Nc6 6. e3 a6 7. Bd3 e6 8. Nf3 Be7 9. h3 Bd7 10. a3 Qb6 11. 0-0 0-0 12. b4 Na7 13. Ne5 Bd6 14. Bg5 Bxe5 15. dxe5 Ne8 16. Be7 g6 17. Rc1 Ng7 18. Bxf8 Rxf8 0-1

[Event "TUN-ch U18"]
[Site "Monastir"]
[Date "2021.09.04"]
[Round "7"]
[White "Mallek, Saif"]
[Black "Derouiche, Mohamed Ramy"]
[Result "1/2-1/2"]
[WhiteElo "1408"]
[BlackElo "1483"]
[PlyCount "111"]
[EventDate "2021.09.01"]
[EventType "swiss"]
[EventRounds "9"]
[EventCountry "TUN"]
[SourceTitle "EXT 2023"]
[Source "ChessBase"]
[SourceDate "2022.10.05"]
[SourceVersion "1"]
[SourceVersionDate "2022.10.05"]
[SourceQuality "1"]

1. e4 e5 2. Nf3 Nc6 3. d4 exd4 4. Nxd4 Qf6 5. Be3 Bc5 6. c3 b6 7. b4 Nxd4 8. Bxd4 Bxd4 9. Qxd4 Bb7 10. Bd3 Qxd4 11. cxd4 Ne7 12. Na3 a6 13. Rc1 0-0-0 14. b5 a5 15. d5 d6 16. 0-0 f5 17. f3 f4 18. Nc2 Ng6 19. Nd4 Nf8 20. Rc2 Kb8 21. Rfc1 Rd7 22. Kf2 Rf7 23. h4 Ng6 24. h5 Ne5 25. Be2 Bc8 26. Rh1 Rg8 27. Rcc1 g5 28. hxg6 Rxg6 29. Rh2 Rgg7 30. Rch1 Bd7 31. a4 Bc8 32. Rh6 Bd7 33. R1h2 Kb7 34. Rh1 Kb8 35. R1h2 Kb7 36. Bf1 Kb8 37. Be2 Kb7 38. Bf1 Kb8 39. Be2 Kb7 40. Rh1 Kb8 41. R1h4 Kb7 42. Rh1 Kb8 43. R6h4 Kb7 44. Rh6 Kb8 45. R6h2 Kb7 46. Rh6 Kb8 47. R6h4 Kb7 48. R1h2 Kb8 49. Rh6 Kb7 50. Rh1 Kb8 51. R6h2 Kb7 52. Rh4 Kb8 53. Bf1 Kb7 54. Ke1 Kb8 55. Kd2 Kb7 56. Kc3 1/2-1/2

[Event "TUN-ch U18"]
[Site "Monastir"]
[Date "2021.09.02"]
[Round "2"]
[White "Zarrouk, Zaid"]
[Black "Derouiche, Mohamed Ramy"]
[Result "0-1"]
[WhiteElo "1106"]
[BlackElo "1483"]
[PlyCount "44"]
[EventDate "2021.09.01"]
[EventType "swiss"]
[EventRounds "9"]
[EventCountry "TUN"]
[SourceTitle "EXT 2023"]
[Source "ChessBase"]
[SourceDate "2022.10.05"]
[SourceVersion "1"]
[SourceVersionDate "2022.10.05"]
[SourceQuality "1"]

1. e4 e5 2. Nc3 Nf6 3. Bc4 Bc5 4. d3 d6 5. Qe2 c6 6. a4 Bg4 7. Nf3 0-0 8. Be3 Bxe3 9. Qxe3 d5 10. exd5 cxd5 11. Nxd5 Nxd5 12. Qc5 Nf4 13. Nxe5 Nxg2+ 14. Kd2 Nd7 15. Nxf7 Nxc5 16. Nxd8+ Kh8 17. Nf7+ Rxf7 18. Bxf7 Rf8 19. Bd5 Rf7 20. f4 Rxf4 21. Kc3 Rf2 22. Rhf1 Nf4 0-1

[Event "Arab-ch U14 op"]
[Site "Hammamet"]
[Date "2018.10.29"]
[Round "2.8"]
[White "Derouiche, Mohamed Ramy"]
[Black "Ezzeddine, Mohamed Amine"]
[Result "1-0"]
[WhiteElo "1310"]
[BlackElo "1437"]
[PlyCount "21"]
[EventDate "2018.10.28"]
[EventType "swiss"]
[EventRounds "9"]
[EventCountry "TUN"]
[SourceTitle "EXT 2024"]
[Source "ChessBase"]
[SourceDate "2023.10.10"]
[SourceVersion "1"]
[SourceVersionDate "2023.10.10"]
[SourceQuality "1"]

1. e4 c5 2. Nc3 g6 3. f4 Bg7 4. Nf3 d6 5. Bc4 Nc6 6. 0-0 Nf6 7. d3 0-0 8. Qe1 e6 9. Qh4 d5 10. Bb3 e5 11. Nd4 1-0

[Event "Arab-ch U14 op"]
[Site "Hammamet"]
[Date "2018.10.28"]
[Round "1.7"]
[White "Pola, Azad Saber"]
[Black "Derouiche, Mohamed Ramy"]
[Result "1-0"]
[WhiteElo "1662"]
[BlackElo "1310"]
[PlyCount "24"]
[EventDate "2018.10.28"]
[EventType "swiss"]
[EventRounds "9"]
[EventCountry "TUN"]
[SourceTitle "EXT 2024"]
[Source "ChessBase"]
[SourceDate "2023.10.10"]
[SourceVersion "1"]
[SourceVersionDate "2023.10.10"]
[SourceQuality "1"]

1. e4 c5 2. Nf3 Nc6 3. d4 cxd4 4. Nxd4 Nf6 5. Nc3 g6 6. Bc4 Bg7 7. Be3 Nxe4 8. Nxc6 Bxc3+ 9. bxc3 bxc6 10. Qd4 Nf6 11. 0-0 d5 12. Bd3 0-0 1-0